LEADER 01330nas 2200469-a 450 001 996206315903316 005 20240113213019.0 035 $a(DE-599)ZDB2592086-8 035 $a(OCoLC)713799444 035 $a(CKB)2670000000062275 035 $a(CONSER)--2011243418 035 $a(EXLCZ)992670000000062275 100 $a20101206a20099999 s-- - 101 0 $aeng 135 $aur||||||||||| 181 $ctxt$2rdacontent 182 $cc$2rdamedia 183 $acr$2rdacarrier 200 10$aFrontiers in synaptic neuroscience 210 $aLausanne $cFrontiers Research Foundation$d2009- 215 $a1 online resource 300 $aRefereed/Peer-reviewed 311 $a1663-3563 517 1 $aFNSYN 531 $aFRONT SYNAPTIC NEUROSCI 531 10$aFront Synaptic Neurosci 606 $aNeurosciences$vPeriodicals 606 $aSynapses 606 $aSynaptic Transmission 606 $aNeurosciences 606 $aNeurosciences$2fast$3(OCoLC)fst01036509 608 $aPeriodical. 608 $aPeriodicals.$2fast 615 0$aNeurosciences 615 12$aSynapses. 615 22$aSynaptic Transmission. 615 22$aNeurosciences. 615 7$aNeurosciences. 906 $aJOURNAL 912 $a996206315903316 996 $aFrontiers in synaptic neuroscience$92248398 997 $aUNISA LEADER 02260nam 2200505z- 450 001 9910557508503321 005 20211118 035 $a(CKB)5400000000044471 035 $a(oapen)https://directory.doabooks.org/handle/20.500.12854/74153 035 $a(oapen)doab74153 035 $a(EXLCZ)995400000000044471 100 $a20202111d2020 |y 0 101 0 $aeng 135 $aurmn|---annan 181 $ctxt$2rdacontent 182 $cc$2rdamedia 183 $acr$2rdacarrier 200 00$aEcosystem Approach to Fisheries in the Mediterranean and Black Seas - Advances in Research and Technologies 210 $cFrontiers Media SA$d2020 215 $a1 online resource (146 p.) 311 08$a2-88966-015-X 330 $aThis eBook is a collection of articles from a Frontiers Research Topic. Frontiers Research Topics are very popular trademarks of the Frontiers Journals Series: they are collections of at least ten articles, all centered on a particular subject. With their unique mix of varied contributions from Original Research to Review Articles, Frontiers Research Topics unify the most influential researchers, the latest key findings and historical advances in a hot research area! Find out more on how to host your own Frontiers Research Topic or contribute to one as an author by contacting the Frontiers Editorial Office: frontiersin.org/about/contact 606 $aOceanography (seas)$2bicssc 606 $aScience: general issues$2bicssc 610 $aBlack Sea 610 $agenetic tools 610 $aindicators 610 $amanagement 610 $ameasures 610 $aMediterranean 610 $amodels 615 7$aOceanography (seas) 615 7$aScience: general issues 700 $aStoyanov Raykov$b Violin$4edt$01302838 702 $aPavlova Ivanova$b Petya$4edt 702 $aTuran$b Cemal$4edt 702 $aDuzgunes$b Ertug$4edt 702 $aStoyanov Raykov$b Violin$4oth 702 $aPavlova Ivanova$b Petya$4oth 702 $aTuran$b Cemal$4oth 702 $aDuzgunes$b Ertug$4oth 906 $aBOOK 912 $a9910557508503321 996 $aEcosystem Approach to Fisheries in the Mediterranean and Black Seas - Advances in Research and Technologies$93026677 997 $aUNINA